000 00359nam a22001457a 4500
999 _c9165
_d9165
003 OSt
008 201119b ||||| |||| 00| 0 eng d
100 _aJauhar, S P
245 _aInorganic Chemistry Part-III Sem-V
250 _a12th ed
260 _aNew Delhi
_bModern Publishers
_c2019
300 _a12th ed
650 _aB.Sc Non Medical
942 _2ddc
_cBK